000 00652nam a22002057a 4500
003 OSt
005 20250701060451.0
008 250701b |||||||| |||| 00| 0 eng d
020 _a9789715870535
040 _aDWCL - Main lib
_cOC
082 _aFil. 658.15 B361a 2009
100 _aTolentino- Baysa Gloria J.
245 _aAccounting for partnership and corporation/
_cGloria J. Tolentino-Baysa
250 _a2009 edition
260 _a Mandaluyong City :
_b Millenium Books, Inc.,
_cc2009.
300 _a488 pages ;
_c27cm.
650 _a1. Accounting.
700 _aMa. Conception Y. Lupisan
942 _2ddc
_cBK - FIL
_e2009 edition
_kFil.
_n0
999 _c3335
_d3335